000 00774cab a22001935a 4500
001 L148585
008 091006s2009 xxkd f 000 0 eng d
035 _a(Sirsi) u148585
041 0 _aeng
110 2 _aAsia Property
_95589
245 0 0 _aProperty advisers
260 _c2009
490 0 _aAsia Property
_vSeptember 2009, 14-17(4)
520 _aHow well are the world?s biggest property services companies faring in the Asia Pacific region during the downturn? This first of two articles looks at Jones Lang LaSalle, Savills, Knight Frank and Colliers International. Table covers key financial data for these four groups.
590 _aKA
651 4 _aAsia Pacific
690 _aPROPERTY-COMMERCIAL PROPERTY-COMMERCIAL PROPERTY FINANCE AND INVESTMENT
942 _n0
999 _c81893
_d81893